| 000 | 01375cam a22002534a 4500 | ||
|---|---|---|---|
| 999 |
_c531410 _d531410 |
||
| 001 | 14406758 | ||
| 005 | 20191015180125.0 | ||
| 008 | 060609s2007 njua b 001 0 eng | ||
| 010 | _a 2006019006 | ||
| 020 | _a013149502X (alk. paper) | ||
| 040 |
_aDLC _cDLC _dDLC |
||
| 082 | 0 | 0 |
_a910.285 _bALB |
| 100 | 1 |
_aLo, C. P. _q(Chor Pang), _d1939- _924091 |
|
| 245 | 1 | 0 |
_aConcepts and techniques of geographic information systems / _cC.P. Lo and Albert W.K. Yeung. |
| 250 | _a2nd ed. | ||
| 260 |
_aUpper Saddle River, NJ : _bPearson Prentice Hall, _cc2007. |
||
| 300 |
_axii, 532 p. : _bill. (some col.) ; _c28 cm. |
||
| 504 | _aIncludes bibliographical references and index. | ||
| 505 | 0 | _aIntroduction to geographic information systems (GIS) -- Maps and geospatial data -- Digital representation and organization of geospatial data -- Geospatial data quality and standards -- Raster geoprocessing -- vector geoprocessing -- Geovisualization and geospatial information products -- Remote sensing and GIS integration -- Digital terrain modeling -- Spatial data analysis, modeling, and mining -- GIS implementation and project management -- GIS issues and prospects. | |
| 650 | 0 |
_aGeographic information systems. _96117 |
|
| 700 | 1 |
_aYeung, Albert K. W. _924092 |
|
| 856 | 4 | 1 |
_3Table of contents only _uhttp://www.loc.gov/catdir/toc/ecip0615/2006019006.html |
| 942 |
_2ddc _cBK |
||